La vuelta al mundo en 80 días (Registro nro. 965)

Detalles MARC
000 - LÍDER
campo de control de longitud fija 00922nam a2200289Ia 4500
005 - FECHA Y HORA DE LA ÚLTIMA TRANSACCIÓN
campo de control 20210727153022.0
008 - ELEMENTOS DE DATOS DE LONGITUD FIJA - INFORMACIÓN GENERAL
campo de control de longitud fija 121119s2004 ck a gr 000 f spa
020 ## - INTERNATIONAL STANDARD BOOK NUMBER
International Standard Book Number 9586331806
041 1# - CÓDIGO DE LENGUAJE
Código de idioma de texto / pista de sonido o título separado spa
040 ## - FUENTE DE CATALOGACIÓN
Agencia de catalogación original CO-BoRNBP
Lenguaje de catalogación spa
Descripción convenciones rda
Agencia de transcripción CO-BoRNBP
084 ## - OTRO NÚMERO DE CLASIFICACIÓN
Número de clasificación N VER2
100 1# - ENTRADA PRINCIPAL - NOMBRE PERSONAL
Nombre de la persona Verne, Julio
Fechas asociadas a un nombre 1828-1905
245 13 - TÍTULO DECLARACIÓN
Título La vuelta al mundo en 80 días
Declaración de responsabilidad Jules Verne ; traducción, Javier Torrente Malvido
250 ## - DECLARACIÓN DE EDICIÓN
Sentencia de edición Octava edición
264 ## - AVISO DE PRODUCCIÓN, PUBLICACIÓN, DISTRIBUCIÓN, FABRICACIÓN Y DERECHOS DE AUTOR
Lugar de producción Bogotá
Nombre del productor Rei Andes
Fecha de producción 2004
300 ## - DESCRIPCIÓN FÍSICA
Alcance 288 páginas
Otros datos físicos ilustraciones
336 ## - TIPO DE CONTENIDO
Tipo de contenido texto
Código de tipo de contenido txt
Fuente rdacontent
337 ## - TIPO DE MEDIO
Término del tipo de medio sin mediación
Código de tipo de medio n
Fuente rdamedia
338 ## - TIPO DE PORTADOR
Término del tipo de operador volumen
Código de tipo de operador nc
Fuente rdacarrier
490 0# - DECLARACIÓN EN SERIE
Estado de cuenta de la serie Tus libros : aventuras
650 14 - ENTRADA DE SUJETO AÑADIDO - TÉRMINO TÓPICO
Término tópico o elemento de entrada del nombre geográfico Historias de aventuras
Fuente del título o término LEMB
650 14 - ENTRADA DE SUJETO AÑADIDO - TÉRMINO TÓPICO
Término tópico o elemento de entrada del nombre geográfico Novela de aventuras
Fuente del título o término LEMB
650 14 - ENTRADA DE SUJETO AÑADIDO - TÉRMINO TÓPICO
Término tópico o elemento de entrada del nombre geográfico Novela francesa
Subdivisión cronológica Siglo XIX
Fuente del título o término LEMB
650 14 - ENTRADA DE SUJETO AÑADIDO - TÉRMINO TÓPICO
Término tópico o elemento de entrada del nombre geográfico Viajes
Subdivisión de forma Novela
Fuente del título o término LEMB
700 1# - ENTRADA AGREGADA - NOMBRE PERSONAL
Nombre de la persona Torrente Malvido, Javier
Término del Relator traductor
942 ## - ELEMENTOS DE ENTRADA AGREGADOS (KOHA)
Fuente de clasificación o esquema de estanterías
Tipo de artículo Koha Literartura
Existencias
Estado de retirada Pérdida de estatus Fuente de clasificación o esquema de estanterías Estado dañado No para préstamo Código de recogida Ubicación permanente Ubicación actual Ubicación de las estanterías Fecha de adquisición Fuente de adquisición Número Topográfico Código de barras Precio efectivo desde Número de copia Fecha de la última vez que se vio Tipo de artículo Koha Total de Cajas
    Dewey Decimal Classification     General Biblioteca Pública Municipal Abraham Ayala Biblioteca Pública Municipal Abraham Ayala Área General 16/05/2014 Dotación N VER2 PUE13 - 0081 24/05/2022 Ej. 1 24/05/2022 Literartura  
    Dewey Decimal Classification     General Biblioteca Pública Municipal Francisco Jaramillo Ochoa Biblioteca Pública Municipal Francisco Jaramillo Ochoa Área General 03/01/2024 DOTACIÓN MINISTERIO DE CULTURA N VER2 LAVI1O-1787 03/01/2024 Ej. 1 03/01/2024 Literartura  
    Dewey Decimal Classification     General Biblioteca Pública Municipal Juan XXIII Biblioteca Pública Municipal Juan XXIII Área General 16/11/2023 Ministerio de cultura N VER2 BAL02-2858 16/11/2023 Ej. 1 16/11/2023 Literartura  
    Dewey Decimal Classification     General Biblioteca Pública Municipal Juan XXIII Biblioteca Pública Municipal Juan XXIII Área General 30/11/2023 Ministerio de Cultura N VER BAL02-6871 30/11/2023 Ej.1 30/11/2023 Literartura